000 00289nam a22001337a 4500
008 170928b xxu||||| |||| 00| 0 eng d
020 _a9780395970454
041 _aeng
080 _a37
100 _a47
101 _aWSU
245 _aSPELLING VOCABULARY
_cMIFFLIN.H
942 _2udc
_cBK
999 _c30420
_d30420